|
|
|
|
| LEADER |
00000naa2a2200000 4500 |
| 001 |
109358 |
| 005 |
20231031120008.0 |
| 035 |
|
|
|a (RuTPU)RU\TPU\book\118064
|
| 090 |
|
|
|a 109358
|
| 100 |
|
|
|a 20070207d2006 k y0rusy50 ca
|
| 101 |
0 |
|
|a rus
|
| 102 |
|
|
|a RU
|
| 200 |
1 |
|
|a Частотные характеристики многопроводных линий электропередачи с распределёнными параметрами
|f Н. Н. Харлов
|
| 320 |
|
|
|a Библиогр.: 4 назв.
|
| 463 |
|
0 |
|0 (RuTPU)RU\TPU\book\111464
|y 5-94621-086-6
|t Электроэнергия: от получения и распределения до эффективного использования
|o материалы Всероссийской научно-технической конференции, 17-19 мая 2006 г., Томск
|f Томский политехнический университет; Московский энергетический институт (технический университет); под ред. Б. И. Кудрина
|v С. 107-109
|d 2006
|p 162 с.
|
| 610 |
1 |
|
|a линии электропередачи
|
| 610 |
1 |
|
|a многопроводные линии
|
| 610 |
1 |
|
|a частотные характеристики
|
| 610 |
1 |
|
|a математическое моделирование
|
| 610 |
1 |
|
|a электрические системы
|
| 610 |
1 |
|
|a труды учёных ТПУ
|
| 700 |
|
1 |
|a Харлов
|b Н. Н.
|c специалист в области энергетики
|c ведущий инженер Томского политехнического университета, кандидат технических наук
|f 1950-
|g Николай Николаевич
|2 stltpush
|3 (RuTPU)RU\TPU\pers\25691
|
| 801 |
|
1 |
|a RU
|b 63413507
|c 20070207
|g PSBO
|
| 801 |
|
2 |
|a RU
|b 63413507
|c 20160205
|g PSBO
|
| 942 |
|
|
|c BK
|